ELEMENTS OF ENVIRONMENTAL ENGINEERING (Record no. 5457)

MARC details
000 -LEADER
fixed length control field 00380nam a22001457a 4500
005 - DATE AND TIME OF LATEST TRANSACTION
control field 20170530112303.0
008 - FIXED-LENGTH DATA ELEMENTS--GENERAL INFORMATION
fixed length control field 170530b xxu||||| |||| 00| 0 eng d
020 ## - INTERNATIONAL STANDARD BOOK NUMBER
ISBN 978-81-219-1547-2
041 ## - LANGUAGE CODE
Language code of text/sound track or separate title eng
100 ## - MAIN ENTRY--AUTHOR NAME
Personal name DUGGAL, DR. K.N.
245 ## - TITLE STATEMENT
Title ELEMENTS OF ENVIRONMENTAL ENGINEERING
260 ## - PUBLICATION, DISTRIBUTION, ETC. (IMPRINT)
Place of publication NEW DELHI
Name of publisher S.CHAND & COMPANY PVT.LTD
Year of publication 1966
300 ## - PHYSICAL DESCRIPTION
Number of Pages 451
942 ## - ADDED ENTRY ELEMENTS (KOHA)
Koha item type Books
Holdings
Lost status Damaged status Collection code Home library Current library Shelving location Date acquired Source of acquisition Cost, normal purchase price Accession Number Koha item type
    MANAGEMENT JRU Library JRU Library SHELF-50-E 30/05/2017 PURCHESS 360.00 21794 Books
      JRU Library   SHELF-6-B 30/05/2017 PURCHESS 360.00 21795 Books
    MANAGEMENT JRU Library JRU Library SHELF-50-E 30/05/2017 PURCHESS 360.00 21796 Books